The collected works of Gerard Manley Hopkins. (Record no. 50888)
[ view plain ]
| 000 -LEADER | |
|---|---|
| fixed length control field | 00952nam a2200265 a 4500 |
| 001 - CONTROL NUMBER | |
| control field | b900134856177 |
| 003 - CONTROL NUMBER IDENTIFIER | |
| control field | UkLCURL |
| 005 - DATE AND TIME OF LATEST TRANSACTION | |
| control field | 20220304143015.0 |
| 008 - FIXED-LENGTH DATA ELEMENTS--GENERAL INFORMATION | |
| fixed length control field | 060613s2006 enka b 001 0 eng |
| 015 ## - NATIONAL BIBLIOGRAPHY NUMBER | |
| National bibliography number | bA652408 |
| 020 ## - INTERNATIONAL STANDARD BOOK NUMBER | |
| International Standard Book Number | 9780199285457 (hbk.) |
| 020 ## - INTERNATIONAL STANDARD BOOK NUMBER | |
| International Standard Book Number | 0199285454 (hbk.) : |
| 245 14 - TITLE STATEMENT | |
| Title | The collected works of Gerard Manley Hopkins. |
| Medium | [electronic resource] : |
| Number of part/section of a work | Vol. 4, |
| Name of part/section of a work | Oxford essays and notes, 1863-1868 / |
| Statement of responsibility, etc | edited by Lesley Higgins. |
| 246 3# - VARYING FORM OF TITLE | |
| Title proper/short title | Oxford essays and notes, 1863-1868. |
| 260 ## - PUBLICATION, DISTRIBUTION, ETC. (IMPRINT) | |
| Place of publication, distribution, etc | Oxford : |
| Name of publisher, distributor, etc | Oxford University Press, |
| Date of publication, distribution, etc | c2006. |
| 300 ## - PHYSICAL DESCRIPTION | |
| Extent | 1 online resource (368 p.) : |
| Other physical details | ill. ; |
| Dimensions | 22 cm. |
| 336 ## - CONTENT TYPE | |
| Content Type Term | text |
| 337 ## - MEDIA TYPE | |
| Media Type Term | computer |
| 338 ## - CARRIER TYPE | |
| Carrier Type Term | online resource |
| 504 ## - BIBLIOGRAPHY, ETC. NOTE | |
| Bibliography, etc | Includes bibliographical references and index. |
| 655 #4 - INDEX TERM--GENRE/FORM | |
| Genre/form data or focus term | Electronic books |
| 700 1# - ADDED ENTRY--PERSONAL NAME | |
| Personal name | Hopkins, Gerard Manley, |
| 856 ## - ELECTRONIC LOCATION AND ACCESS | |
| Uniform Resource Identifier | <a href="https://drive.google.com/file/d/1vLOUF7UZZS4tYezGNQg9qLsu1hHToNW_/view?usp=sharing">https://drive.google.com/file/d/1vLOUF7UZZS4tYezGNQg9qLsu1hHToNW_/view?usp=sharing</a> |
| 942 ## - ADDED ENTRY ELEMENTS (KOHA) | |
| Source of classification or shelving scheme | Library of Congress Classification |
| Item type | eBooks |
| Withdrawn status | Lost status | Source of classification or shelving scheme | Damaged status | Not for loan | Home library | Current library | Date acquired | Inventory number | Total Checkouts | Date last seen | Price effective from | Koha item type |
|---|---|---|---|---|---|---|---|---|---|---|---|---|
| Library of Congress Classification | BSOP Library | Digital Library | 05/09/2024 | eB-00802 | 05/09/2024 | 05/09/2024 | eBooks |
